All Morgan Wallen songs - Statistics

General Stats
  • This quiz has been taken 137 times
    113 since last reset
  • The average score is 40 of 116
Answer Stats
Album Song % Correct
I'm The Problem I'm The Problem
82%
One Thing At A Time Last Night
76%
Dangerous: The Double Album Dangerous
72%
If I Know Me Whiskey Glasses
72%
If I Know Me Chasin' You
67%
If I Know Me If I Know Me
67%
One Thing At A Time One Thing At A Time
67%
Dangerous: The Double Album 7 Summers
65%
Dangerous: The Double Album Sand In My Boots
64%
One Thing At A Time Cowgirls
58%
Dangerous: The Double Album Wasted On You
55%
I'm The Problem What I Want
55%
Dangerous: The Double Album Cover Me Up
53%
If I Know Me Talkin' Tennessee
53%
One Thing At A Time 98' Braves
51%
Dangerous: The Double Album More Than My Hometown
51%
I'm The Problem Superman
51%
I'm The Problem Lies Lies Lies
50%
One Thing At A Time Thought You Should Know
50%
I'm The Problem Smile
49%
If I Know Me Up Down
49%
I'm The Problem Just In Case
47%
One Thing At A Time Man Made A Bar
46%
One Thing At A Time Thinkin' Bout Me
46%
I'm The Problem TN
46%
One Thing At A Time You Proof
46%
I'm The Problem I'm A Little Crazy
45%
I'm The Problem Miami
45%
Dangerous: The Double Album Somebody's Problem
45%
One Thing At A Time Ain't That Some
44%
I'm The Problem Love Somebody
44%
Dangerous: The Double Album 865
42%
I'm The Problem I Got Better
42%
Dangerous: The Double Album Silverado For Sale
42%
If I Know Me The Way I Talk
42%
Dangerous: The Double Album Neon Eyes
41%
I'm The Problem 20 Cigarettes
40%
One Thing At A Time Everything I Love
40%
I'm The Problem Genesis
38%
I'm The Problem Jack And Jill
38%
Dangerous: The Double Album This Bar
38%
Dangerous: The Double Album Warning
38%
If I Know Me Had Me By Halftime
37%
I'm The Problem Number 3 And Number 7
37%
I'm The Problem Eyes Are Closed
36%
Dangerous: The Double Album Heartless
36%
I'm The Problem Skoal, Chevy, and Browning
36%
I'm The Problem Kiss Her In Front Of You
35%
One Thing At A Time Sunrise
35%
I'm The Problem Don't We
33%
One Thing At A Time Neon Star
33%
Dangerous: The Double Album Your Bartender
33%
I'm The Problem Dark Til Daylight
32%
One Thing At A Time Keith Whitley
32%
I'm The Problem Kick Myself
32%
Dangerous: The Double Album Livin' The Dream
32%
I'm The Problem Revelation
32%
One Thing At A Time Tennessee Fan
32%
One Thing At A Time Don't Think Jesus
31%
If I Know Me Little Rain
31%
Dangerous: The Double Album Only Thing That's Gone
29%
One Thing At A Time Whiskey Friends
29%
One Thing At A Time Born With A Beer In My Hand
28%
I'm The Problem Falling Apart
28%
I'm The Problem I Ain't Comin Back
28%
I'm The Problem Interlude
28%
I'm The Problem Missing
28%
I'm The Problem The Dealer
28%
I'm The Problem Where'd That Girl Go
28%
I'm The Problem If You Were Mine
27%
I'm The Problem LA Night
27%
One Thing At A Time Me + All Your Reasons
27%
Dangerous: The Double Album Me On Whiskey
27%
Dangerous: The Double Album Quittin' Time
27%
One Thing At A Time Tennessee Numbers
27%
One Thing At A Time Wine Into Water
27%
One Thing At A Time Dying Man
26%
One Thing At A Time I Deserve A Drink
26%
If I Know Me Not Good At Not
26%
Dangerous: The Double Album Still Goin Down
26%
I'm The Problem Whiskey In Reverse
26%
I'm The Problem Crazy Eyes
24%
One Thing At A Time Devil Don't Know
24%
One Thing At A Time In The Bible
24%
One Thing At A Time F150-50
23%
One Thing At A Time Last Drive Down Main
23%
One Thing At A Time Outlook
23%
Dangerous: The Double Album Somethin' Country
23%
Dangerous: The Double Album Whiskey'd My Way
23%
Dangerous: The Double Album Wonderin' Bout The Wind
23%
One Thing At A Time 180 (Lifestyle)
22%
Dangerous: The Double Album Beer Don't
22%
I'm The Problem Come Back As A Redneck
22%
One Thing At A Time Had It
22%
One Thing At A Time Me To Me
22%
Dangerous: The Double Album Need A Boat
22%
Dangerous: The Double Album Outlaw
22%
Dangerous: The Double Album Blame It On Me
21%
One Thing At A Time Days That End In Why
19%
I'm The Problem Drinking Til It Does
19%
If I Know Me Gone Girl
19%
I'm The Problem Nothin' Left
19%
If I Know Me Redneck Love Song
19%
Dangerous: The Double Album Rednecks, Red Letters, Red Dirt
19%
I'm The Problem Working Man's Song
19%
One Thing At A Time Good Girl Gone Missin'
18%
One Thing At A Time Hope That's True
18%
Dangerous: The Double Album More Surprised Than Me
18%
If I Know Me Happy Hour
15%
If I Know Me If I Ever Get You Back
15%
I'm The Problem Leavin's The Least I Could Do
15%
One Thing At A Time Money On Me
14%
One Thing At A Time Single Than She Was
12%
If I Know Me Whatcha Know Bout That
10%
One Thing At A Time I Wrote That Book
4%
Dangerous: The Double Album Whatcha Think Bout Country Now
0%
No matching quizzes found
Score Distribution
Percent of People with Each Score
Percentile by Number Answered
Your Score History
You have not taken this quiz since the last reset